<?xml version="1.0" encoding="UTF-8"?>
<collection xmlns="http://www.loc.gov/MARC21/slim">
 <record>
  <leader>01013pam a22002658a 4500</leader>
  <controlfield tag="001">00046262</controlfield>
  <controlfield tag="008">210120s2017####-vm#################vie|d</controlfield>
  <controlfield tag="005">20210120160156.0</controlfield>
  <datafield tag="020" ind1="#" ind2="#">
   <subfield code="a">9786045760161</subfield>
   <subfield code="c">20000</subfield>
  </datafield>
  <datafield tag="041" ind1="0" ind2="#">
   <subfield code="a">vie</subfield>
  </datafield>
  <datafield tag="082" ind1="0" ind2="4">
   <subfield code="a">343.597</subfield>
   <subfield code="b">L504K</subfield>
  </datafield>
  <datafield tag="110" ind1="1" ind2="#">
   <subfield code="a">Việt Nam (CHXHCN). Luật lệ và sắc lệnh</subfield>
  </datafield>
  <datafield tag="245" ind1="1" ind2="0">
   <subfield code="a">Luật Kiểm toán nhà nước (hiện hành) (sửa đổi, bổ sung năm 2019)</subfield>
  </datafield>
  <datafield tag="260" ind1="#" ind2="#">
   <subfield code="a">Hà Nội</subfield>
   <subfield code="b">Chính trị Quốc gia</subfield>
   <subfield code="c">2020</subfield>
  </datafield>
  <datafield tag="300" ind1="#" ind2="#">
   <subfield code="a">76tr.</subfield>
   <subfield code="c">19cm</subfield>
  </datafield>
  <datafield tag="653" ind1="#" ind2="#">
   <subfield code="a">Luật kiểm toán nhà nước</subfield>
  </datafield>
  <datafield tag="653" ind1="#" ind2="#">
   <subfield code="a">Văn bản pháp luật</subfield>
  </datafield>
  <datafield tag="653" ind1="#" ind2="#">
   <subfield code="a">Việt Nam</subfield>
  </datafield>
  <datafield tag="653" ind1="#" ind2="#">
   <subfield code="a">Pháp luật</subfield>
  </datafield>
  <datafield tag="655" ind1="#" ind2="7">
   <subfield code="2">Bộ TK TVQG</subfield>
   <subfield code="a">Văn bản pháp luật</subfield>
  </datafield>
  <datafield tag="852" ind1="#" ind2="#">
   <subfield code="j">KD.0027762</subfield>
   <subfield code="j">KM.0034966</subfield>
   <subfield code="j">KM.0034965</subfield>
  </datafield>
  <datafield tag="920" ind1=" " ind2=" ">
   <subfield code="a">Việt Nam (CHXHCN). Luật lệ và sắc lệnh</subfield>
  </datafield>
  <datafield tag="930" ind1=" " ind2=" ">
   <subfield code="a">388752</subfield>
   <subfield code="b">31/05/2017</subfield>
  </datafield>
  <datafield tag="941" ind1=" " ind2=" ">
   <subfield code="b">XH</subfield>
  </datafield>
  <datafield tag="980" ind1="#" ind2="#">
   <subfield code="a">Trung tâm Học liệu Lê Vũ Hùng, Trường Đại học Đồng Tháp</subfield>
  </datafield>
 </record>
</collection>
